| 000 | 00381nam a22001577a 4500 | ||
|---|---|---|---|
| 003 | OSt | ||
| 008 | 230510b |||||||| |||| 00| 0 eng d | ||
| 020 | _a9781107442771 | ||
| 041 | _aeng | ||
| 082 |
_a428.24 _bCUL/OF |
||
| 100 |
_aCullen, Pauline _95460 |
||
| 245 | _aOfficial cambridge guide to IELTS | ||
| 260 |
_bCambridge university press _c2014 |
||
| 300 | _a402 | ||
| 942 | _cBK | ||
| 999 |
_c17693 _d17693 |
||